2050年でも30,000人以上の市 東日本編 - Statistics

General Stats
  • This quiz has been taken 4 times
  • The average score is 3 of 25
Answers on the Grid
Answers color-coded by a green-red scale on the quiz's grid according to % correct below.
五所川原市
北斗市
湯沢市
秩父市
弥富市
南砺市
二本松市
館山市
気仙沼市
下妻市
さくら市
岡谷市
富岡市
岩見沢市
七尾市
銚子市
大館市
寒河江市
石狩市
新庄市
むつ市
大網白里市
宮古市
稚内市
三浦市
喜多方市
常陸太田市
山梨市
富士吉田市
滝沢市
村上市
菊川市
伊豆の国市
沼田市
十和田市
北茨城市
恵那市
熱海市
新城市
郡上市
能代市
鉾田市
幸手市
かほく市
東松島市
かすみがうら市
山武市
黒部市
栗原市
東根市
 
Answer Stats
Answer % Correct
秩父市
100%
岩見沢市
50%
鉾田市
50%
栗原市
50%
東根市
50%
弥富市
0%
二本松市
0%
館山市
0%
気仙沼市
0%
下妻市
0%
さくら市
0%
岡谷市
0%
富岡市
0%
大館市
0%
石狩市
0%
むつ市
0%
大網白里市
0%
富士吉田市
0%
滝沢市
0%
村上市
0%
菊川市
0%
伊豆の国市
0%
十和田市
0%
幸手市
0%
かほく市
0%
No matching quizzes found
Score Distribution
Percent of People with Each Score
Percentile by Number Answered
Your Score History
You have not taken this quiz